000 00576nam a2200205 4500
001 72161
003 ES-MaACL
005 20250825002645.0
007 t|
008 040826s1944 sp |||| | spa d
080 _a002(04)
080 _a655.5(04)
100 1 _aGili y Roig, Gustavo.
_956939
245 1 0 _aBosquejo de una polĂ­tica del libro /
_cGustavo Gili Roig.
260 _aBarcelona :
_b[s.n.,
_c1944] (
_fImp. Hispano-Americana)
300 _a142 p. ;
_c24 cm.
650 7 _aLibros-
_xComercio
_2
_9146044
852 _aES-MaACL
_jF-15966
999 _c72161
_d72161